000 01310nac a22003251i 4500
003 EG-ScBUE
005 20260125092801.0
008 110508t2006 paua f b 001 0 eng d
020 _a1591408644 (softcover)
020 _a9781591408642
035 _a(OCoLC)ocm63472832
040 _aEG-ScBUE
_beng
_erda
_cEG-ScBUE
_dEG-ScBUE
082 0 4 _a572.80285
_bHSU
_222
100 1 _aHsu, Hui-Huang,
_eauthor.
_923651
245 0 0 _aAdvanced data mining technologies in bioinformatics /
_cHui-Huang Hsu.
264 1 _aHershey PA :
_bIdea Group Pub.
_c[2006]
264 4 _cc2006
300 _ax, 329 pages :
_billustrations ;
_c27 cm
336 _2rdacontent
_atext
_btxt
337 _aunmediated
_2rdamedia
_bn
338 _avolume
_bnc
_2rdacarrier
500 _aDistributer: Academic BookShop.
504 _aIncludes bibliographical references and index.
520 _a"This book covers research topics of data mining on bioinformatics presenting the basics and problems of bioinformatics and applications of data mining technologies pertaining to the field"--Provided by publisher.
650 7 _aBioinformatics.
_2BUEsh
_923652
650 7 _aData mining.
_2BUEsh
_923653
655 _vReading book
856 4 1 _3Table of contents only
_uhttp://www.loc.gov/catdir/toc/ecip067/2006003556.html
942 _cBB
_2ddc
999 _c6244
_d6244